| 000 | 00750nam a22001337a 4500 | ||
|---|---|---|---|
| 040 | _cRUA | ||
| 082 | _aAGR CHE 2009 B042 Or.1 | ||
| 100 | _aCHEAN, SOTHY. | ||
| 245 | _aeffect of seedling numbers and ages on phkarromdeng variety at royal university of agriculture ( ឥទ្ធិពលនៃការស្ទូងអាយុសំណាប និង នួនដើមសន្ទូងខុសៗគ្នាទៅលើពូជស្រូវផ្ការំដេង នៅសាកលវិទ្យាល័យភូមិន្ទកសិកម្ម) | ||
| 260 |
_aPhnom Penh _bRUA _c2009 |
||
| 300 |
_axi, 54p. _bill. _c29cm. |
||
| 856 | _uhttps://drive.google.com/file/d/1A7OKrFwHOfUkXaErGPMtarTkW4iOua5k/view?usp=sharing | ||
| 942 | _cAGR | ||
| 999 |
_c934 _d934 |
||